| 000 | 00000nam##2200000za#4500 |
| 001 | 9.602088 |
| 003 | CaOODSP |
| 005 | 20210624210407 |
| 007 | cr ||||||||||| |
| 008 | 150406|2005||||xxc|||||o f|0| 0 fre|d |
| 040 | |aCaOODSP|bfre |
| 043 | |an-cn--- |
| 086 | 1 |aTU3-5/05-38F-PDF |
| 110 | 2 |aBureau de la sécurité des transports du Canada. |
| 245 | 10|aPerte de maîtrise - du Lancair IV-P N750F à 8 nm au sud-est de Sundre (Alberta) le 9 août 2005 |h[ressource électronique] |
| 260 | |aGatineau - Québec : |bBureau de la sécurité des transports du Canada |c[2006]. |
| 300 | |a8p.|bfigures (certaines en couleur) |
| 490 | 1 |aRapport d'enquête aéronautique |vA05W0160 |
| 590 | |a11-31-Supp|b2011-12-13 |
| 775 | 08|tLoss of control - Lancair IV-P N750F, Sundre, Alberta 8 nm SE, 09 August 2005 |w(CaOODSP)9.571496 |
| 830 | #0|aRapport d'enquête aéronautique ;|vA05W0160|w(CaOODSP)9.501229 |
| 856 | 40|ahttp://publications.gc.ca|qPDF|s112 Ko|uhttps://publications.gc.ca/collections/collection_2011/bst-tsb/TU3-5-05-38-fra.pdf|yA05W0160 |